Elektrotechnika prądów niesinusoidalnych : (Rekord nr 38066)
| 000 -ETYKIETA REKORDU | |
|---|---|
| podpole kontrolne o stałej długości | 01187nam a2200253 i 4500 |
| 001 - NUMER KONTROLNY REKORDU | |
| pole kontrolne | bg |
| 040 ## - ŹRÓDŁO KATALOGOWANIA | |
| Instytucja, która utworzyła rekord | BPK |
| 041 0# - KOD JĘZYKA | |
| Kod języka tekstu | plen |
| Kod języka streszczenia lub abstraktu | enpl |
| 080 ## - UNIWERSALNA KLASYFIKACJA DZIESIĘTNA - UKD | |
| UKD | 621.3(061) |
| 008 - POLE O STAŁEJ DŁUGOŚCI - DANE KONTROLNE | |
| podpole kontrolne o stałej długości | s pl f |000 0 pol |
| 245 00 - TYTUŁ/ODPOWIEDZIALNOŚĆ | |
| Tytuł | Elektrotechnika prądów niesinusoidalnych : |
| Ciąg dalszy tytułu | III Konferencja EPN'97 : materiały konferencyjne.T. / |
| Pozostałe elementy strefy tytułu i oznaczenia odpowiedzialności | Polska Akademia Nauk. Komitet Metrologii i Aparatury Naukowej, Politechnika Zielonogórska. Instytut Elektrotechniki Przemysłowej. Instytut Metrologii Elektrycznej |
| Oznaczenie części/sekcji dzieła | 2. |
| 260 ## - STREFA ADRESU WYDAWNICZEGO | |
| Miejsce wydania | Zielona Góra : |
| Nazwa wydawcy/dystrybutora | Wydaw. PZ, |
| Data publikacji, dystrybucji/powstania dokumentu | 1997. |
| 300 ## - STREFA OPISU FIZYCZNEGO | |
| Objętość | S. [6], 167-334 : |
| Inne cechy fizyczne | rys., wykr. ; |
| Rozmiary | 23 cm. |
| 500 ## - UWAGI OGÓLNE | |
| Tekst uwagi | U dołu s. okł. : 30 lat Wydziału Elektrycznego. - Spis treści do t. 1-2. - Tekst częśc. ang. - Streszcz. ang., pol. przy ref. |
| 504 ## - UWAGA DOTYCZĄCA BIBLIOGRAFII | |
| Informacje o bibliografii | Bibliogr. przy ref. |
| 650 #9 - HASŁO PRZEDMIOTOWE W FORMIE NAZWY OGÓLNEJ LUB JEDNOSTKOWEJ | |
| Nazwa ogólna lub geograficzna | Elektrotechnika |
| 650 #9 - HASŁO PRZEDMIOTOWE W FORMIE NAZWY OGÓLNEJ LUB JEDNOSTKOWEJ | |
| Nazwa ogólna lub geograficzna | Prądy zmienne |
| 655 ## - TERMIN INDEKSOWY - OKREŚLENIE RODZAJU/FORMY DOKUMENTU | |
| Określenie rodzaju/formy dokumentu | Materiały konferencyjne |
| 710 #0 - HASŁO DODATKOWE - NAZWA CIAŁA ZBIOROWEGO | |
| Nazwa ciała zbiorowego lub jednostki geograficznej | Polska Akademia Nauk |
| Nazwa jednostki podrzędnej | Komitet Metrologii i Aparatury Naukowej |
| 710 #0 - HASŁO DODATKOWE - NAZWA CIAŁA ZBIOROWEGO | |
| Nazwa ciała zbiorowego lub jednostki geograficznej | Politechnika Zielonogórska |
| Nazwa jednostki podrzędnej | Instytut Elektrotechniki Przemysłowej |
| 710 #0 - HASŁO DODATKOWE - NAZWA CIAŁA ZBIOROWEGO | |
| Nazwa ciała zbiorowego lub jednostki geograficznej | Politechnika Zielonogórska |
| Nazwa jednostki podrzędnej | Instytut Metrologii Elektrycznej |
| 711 2# - HASŁO DODATKOWE - NAZWA IMPREZY | |
| Nazwa imprezy | Konferencja EPN'97 |
| Oznaczenie części/sekcji dzieła | (3 ; |
| Data imprezy | 1997) |
| 942 ## - DODATKOWE ELEMENTY (KOHA) | |
| Typ dokumentu | Książka |
| Wycofany | Status egzemplarza | Uszkodzony | Dostępność | Lokalizacja stała | Lokalizacja bieżąca | Miejsce przechowywania | Sygnatura | Kod kreskowy | Typ dokumentu |
|---|---|---|---|---|---|---|---|---|---|
| Dostępny | Biblioteka Politechniki Koszalińskiej | Biblioteka Politechniki Koszalińskiej | Wypożyczalnia BG | 54592 | 01505085 | Książka |
